000 00218nam a2200097Ia 4500
008 240331s9999 xx 000 0 und d
082 _bLIV
100 _aILO. ed
245 0 _aLivlihood and employment creation
942 _cL
999 _c2793
_d2793